THE CONTENT OF COPPER, IRON, ZINC, ARSENIC, CADMIUM AND LEAD IN THE WOOL OF SHEEP BRED IN THE VICINITY OF A COPPER PROCESSING PLANT

Bibliographic Details
Main Authors: Bíreš, Jozef, 1956- (Author), Vrzgula, Leopold, 1927-2013 (Author)
Format: Article
Language:English

MARC

LEADER 00000nab a2200000 a 4500
001 vtls011112215
003 SK-MaSNL
005 20260303125214.0
008 230218|1983 xo |||||||||||||||||eng|
015 |a SNBRB 
035 |a (uuid)baa23044-4e86-4ec5-9eb7-dd335abb0d6c 
035 |a (urnnbn)urn:nbn:sk:snk:ar-a08g33 
035 |a urn:nbn:sk:snk-ab9inv 
040 |a SNKBUCL  |b slo  |c SNKBUCL  |e AACR2 
041 0 |a eng 
044 |a xo  |c SK 
100 1 |a Bíreš, Jozef,  |d 1956-  |4 aut  |9 199780 
245 1 0 |a THE CONTENT OF COPPER, IRON, ZINC, ARSENIC, CADMIUM AND LEAD IN THE WOOL OF SHEEP BRED IN THE VICINITY OF A COPPER PROCESSING PLANT  |c J. Bíreš, L. Vrzgula 
700 1 |a Vrzgula, Leopold,  |d 1927-2013  |4 aut  |9 203765 
773 0 |t Folia veterinaria  |g Roč. 27, č. 2 (1983), s. 103-110 
958 |a OND 
958 |a EUIPO 
958 |a article13 
999 |c 1933613  |d 1935543